Mechanisms of Disease : (Record no. 4307)

MARC details
000 -LEADER
fixed length control field 01065pam a2200301 a 4500
001 - CONTROL NUMBER
control field 2581090
003 - CONTROL NUMBER IDENTIFIER
control field OSt
005 - DATE AND TIME OF LATEST TRANSACTION
control field 20170203191058.0
008 - FIXED-LENGTH DATA ELEMENTS--GENERAL INFORMATION
fixed length control field 961022s1997 enka b 001 0 eng c
010 ## - LIBRARY OF CONGRESS CONTROL NUMBER
LC control number 96039361
020 ## - INTERNATIONAL STANDARD BOOK NUMBER
International Standard Book Number 0521461804 (hardback)
020 ## - INTERNATIONAL STANDARD BOOK NUMBER
International Standard Book Number 0521467381 (pbk.)
040 ## - CATALOGING SOURCE
Original cataloging agency DNLM/DLC
Transcribing agency DLC
Modifying agency DLC
050 00 - LIBRARY OF CONGRESS CALL NUMBER
Classification number RB113
Item number .M38 1997
060 10 - NATIONAL LIBRARY OF MEDICINE CALL NUMBER
Classification number QZ 140 M486 1997
082 00 - DEWEY DECIMAL CLASSIFICATION NUMBER
Classification number QZ 140
Item number MEC 1997
100 ## - MAIN ENTRY--PERSONAL NAME
Personal name Edited by S. Tomlinson, A.M.; Heagerty, A.P. Weetman.
9 (RLIN) 11496
245 00 - TITLE STATEMENT
Title Mechanisms of Disease :
Remainder of title an introduction to clinical science
260 ## - PUBLICATION, DISTRIBUTION, ETC. (IMPRINT)
Name of publisher, distributor, etc. Cambridge University Press,
Date of publication, distribution, etc. 1997.
300 ## - PHYSICAL DESCRIPTION
Extent xvii, 513 p. :
Other physical details ill. ;
Dimensions 26 cm.
504 ## - BIBLIOGRAPHY, ETC. NOTE
Bibliography, etc Includes bibliographical references and index.
650 12 - SUBJECT ADDED ENTRY--TOPICAL TERM
Topical term or geographic name as entry element Disease Mechanisms
9 (RLIN) 2376
650 22 - SUBJECT ADDED ENTRY--TOPICAL TERM
Topical term or geographic name as entry element Pathology
9 (RLIN) 9293
856 42 - ELECTRONIC LOCATION AND ACCESS
Materials specified Publisher description
Uniform Resource Identifier http://www.loc.gov/catdir/description/cam028/96039361.html
856 41 - ELECTRONIC LOCATION AND ACCESS
Materials specified Table of contents
Uniform Resource Identifier http://www.loc.gov/catdir/toc/cam026/96039361.html
906 ## - LOCAL DATA ELEMENT F, LDF (RLIN)
a 7
b cbc
c orignew
d 1
e ocip
f 19
g y-gencatlg
942 ## - ADDED ENTRY ELEMENTS (KOHA)
Source of classification or shelving scheme Dewey Decimal Classification
Koha item type Open Shelf
Holdings
Withdrawn status Lost status Source of classification or shelving scheme Damaged status Not for loan Home library Current library Date acquired Source of acquisition Inventory number Total Checkouts Full call number Barcode Date last seen Koha item type
    Other/Generic Classification Scheme     MUST Main Library MUST Main Library 10/06/2016   02/17080   QZ 140 MEC 1997 2016-2388 10/06/2016 Open Shelf
    Other/Generic Classification Scheme     MUST Main Library MUST Main Library 05/07/2016   02/17737   QZ 140 MEC 1997 2016-2995 05/07/2016 Open Shelf